All 1M Cities Starting with “D” to Country - Statistics

General Stats
  • This quiz has been taken 284 times
  • The average score is 21 of 23
Answer Stats
City Country % Correct
Dublin Ireland
100%
Dubai United Arab Emirates
100%
Dallas United States
100%
Denver United States
100%
Detroit United States
100%
Damascus Syria
98%
Dhaka Bangladesh
97%
Doha Qatar
96%
Daqing China
94%
Dakar Senegal
94%
Donetsk Ukraine
92%
Dar es Salaam Tanzania
91%
Datong China
89%
Durban South Africa
89%
Dnipro Ukraine
87%
Daegu South Korea
86%
Daejeon South Korea
85%
Dalian China
84%
Dhanbad India
83%
Denpasar Indonesia
77%
Davao Philippines
76%
Dammam Saudi Arabia
75%
Douala Cameroon
74%
No matching quizzes found
Score Distribution
Percent of People with Each Score
Percentile by Number Answered
Your Score History
You have not taken this quiz